Loading...
Current Events | 4 | 17.50 | 100% | 75% | 0% |
Fine Arts - Classical Music | 7 | 22.86 | 100% | 86% | 43% |
Fine Arts - Other Fine Arts | 5 | 22.00 | 100% | 100% | 20% |
Geography | 1 | 20.00 | 100% | 100% | 0% |
History - American History | 7 | 21.43 | 100% | 71% | 43% |
History - European History | 6 | 23.33 | 100% | 100% | 33% |
History - Other History | 6 | 23.33 | 100% | 83% | 50% |
History - World History | 5 | 26.00 | 100% | 60% | 100% |
Literature - American Literature | 5 | 20.00 | 100% | 60% | 40% |
Literature - British Literature | 7 | 30.00 | 143% | 114% | 43% |
Literature - European Literature | 5 | 18.00 | 100% | 60% | 20% |
Literature - World Literature | 5 | 16.00 | 100% | 20% | 40% |
Mythology | 4 | 15.00 | 100% | 50% | 0% |
Painting/Sculpture | 8 | 26.25 | 100% | 100% | 63% |
Philosophy | 5 | 22.00 | 80% | 80% | 60% |
Pop Culture | 2 | 25.00 | 100% | 100% | 50% |
Religion | 8 | 22.50 | 100% | 88% | 38% |
Science - Biology | 5 | 20.00 | 100% | 80% | 20% |
Science - Chemistry | 6 | 21.67 | 100% | 83% | 33% |
Science - Other Science | 4 | 20.00 | 100% | 75% | 25% |
Science - Physics | 5 | 22.00 | 100% | 80% | 40% |
Social Science | 3 | 13.33 | 100% | 0% | 33% |